[Event "Titled Tuesday intern op 16th Jan Early"]
[Site "Chess.com INT"]
[Date "2024.01.16"]
[Round "3"]
[White "Vlassov, Nikolai"]
[Black "Vujacic, Igor"]
[Result "1-0"]
[WhiteElo "2299"]
[BlackElo "2050"]
[PlyCount "53"]
[EventDate "2024.01.16"]
[EventType "swiss (blitz)"]
[EventRounds "11"]
[EventCountry "USA"]
[SourceTitle "CB04_2024"]
[SourceDate "2023.10.16"]
[SourceVersion "1"]
[SourceVersionDate "2023.10.16"]
[SourceQuality "1"]

1. e4 c5 2. c3 Nf6 3. e5 Nd5 4. d4 cxd4 5. cxd4 d6 6. Bc4 Nb6 7. Bb3 dxe5 8. Qh5 e6 9. dxe5 Nc6 10. Nc3 Nd4 11. Bd1 Be7 12. Nf3 0-0 13. 0-0 a6 14. Re1 Nxf3+ 15. Bxf3 Qc7 16. Bf4 Nc4 17. Be4 g6 18. Qh6 Rd8 19. Rac1 Qa5 20. b3 Na3 21. Re3 Bf8 22. Qh4 Nb5 23. Nxb5 axb5 24. Rh3 h5 25. Bg5 Rd4 26. Be3 Rd7 27. g4 1-0

[Event "Titled Tuesday intern op 29th Aug Late"]
[Site "Chess.com INT"]
[Date "2023.08.29"]
[Round "10"]
[White "Vujacic, Igor"]
[Black "Fernandez Bustamante, Leancy B"]
[Result "1-0"]
[WhiteElo "2083"]
[BlackElo "2059"]
[PlyCount "91"]
[EventDate "2023.08.29"]
[EventType "swiss (blitz)"]
[EventRounds "11"]
[EventCountry "USA"]
[SourceTitle "EXT 2024"]
[Source "ChessBase"]
[SourceDate "2023.10.10"]
[SourceVersion "1"]
[SourceVersionDate "2023.10.10"]
[SourceQuality "1"]

1. d4 c5 2. d5 d6 3. Nc3 e5 4. e4 Nf6 5. Bb5+ Bd7 6. a4 g6 7. Nf3 Bg7 8. Nd2 0-0 9. 0-0 Ne8 10. Be2 f5 11. exf5 gxf5 12. Nc4 Na6 13. f4 e4 14. Kh1 Nac7 15. h3 Qh4 16. Be3 Bf6 17. Rg1 Kh8 18. Qf1 Bxc3 19. bxc3 Nxd5 20. Bd2 Bc6 21. Na5 Nef6 22. c4 Nc7 23. Nxc6 bxc6 24. Bc3 Ne6 25. Rd1 Rad8 26. g3 Qh6 27. Kh2 Kg8 28. Qf2 Kf7 29. Rd2 d5 30. cxd5 Nxd5 31. Rxd5 cxd5 32. Be5 Rg8 33. Rb1 Rd7 34. Rd1 Qf8 35. Bb5 Rd8 36. Bc6 d4 37. Rb1 e3 38. Qf3 Kg6 39. g4 Qe7 40. Qg3 Rc8 41. Rb7 Nc7 42. gxf5+ Kxf5 43. Qf3 Kg6 44. Qg4+ Kf7 45. Bd5+ Ke8 46. Qxc8+ 1-0

[Event "Titled Tuesday intern op 29th Aug Early"]
[Site "Chess.com INT"]
[Date "2023.08.29"]
[Round "2"]
[White "Vujacic, Igor"]
[Black "Vovk, Orest"]
[Result "0-1"]
[WhiteElo "2083"]
[BlackElo "2315"]
[PlyCount "80"]
[EventDate "2023.08.29"]
[EventType "swiss (blitz)"]
[EventRounds "11"]
[EventCountry "USA"]
[SourceTitle "EXT 2024"]
[Source "ChessBase"]
[SourceDate "2023.10.10"]
[SourceVersion "1"]
[SourceVersionDate "2023.10.10"]
[SourceQuality "1"]

1. d4 g6 2. e4 Nf6 3. e5 Nh5 4. Be2 d6 5. Bxh5 gxh5 6. Qxh5 dxe5 7. dxe5 Rg8 8. Qf3 Nc6 9. Bf4 Nd4 10. Qd1 Rxg2 11. Nf3 Nxf3+ 12. Qxf3 Bg4 13. Qd3 Qxd3 14. cxd3 0-0-0 15. Nd2 Rxd3 16. Rc1 e6 17. Rc3 Rxc3 18. bxc3 Bc5 19. Bg3 Bh3 20. Ne4 Be7 21. Nd2 h5 22. Nf3 Rxg3 23. hxg3 Bg2 24. Rxh5 Bxf3 25. Rh7 Kd7 26. Rxf7 Bh5 27. Rh7 Bg6 28. Rg7 Bb1 29. g4 Bxa2 30. f4 a5 31. f5 exf5 32. gxf5 Ke8 33. f6 Bd8 34. Kd2 a4 35. Rg4 b5 36. Rb4 c6 37. Kd3 Be6 38. Ke4 a3 39. Rb1 a2 40. Rh1 Bd5+ 0-1

[Event "Titled Tuesday intern op 18th Jul Late"]
[Site "Chess.com INT"]
[Date "2023.07.18"]
[Round "2"]
[White "Seder, Mohamad"]
[Black "Vujacic, Igor"]
[Result "0-1"]
[WhiteElo "2077"]
[BlackElo "2145"]
[PlyCount "128"]
[EventDate "2023.07.18"]
[EventType "swiss (blitz)"]
[EventRounds "11"]
[EventCountry "USA"]
[SourceTitle "EXT 2024"]
[Source "ChessBase"]
[SourceDate "2023.10.10"]
[SourceVersion "1"]
[SourceVersionDate "2023.10.10"]
[SourceQuality "1"]

1. d4 d5 2. Bf4 e6 3. Nf3 c5 4. e3 Nc6 5. c3 Bd6 6. Bxd6 Qxd6 7. Nbd2 Nf6 8. Bd3 0-0 9. 0-0 e5 10. dxc5 Qxc5 11. e4 Bg4 12. h3 Bh5 13. Re1 Rad8 14. Qc2 d4 15. cxd4 Qxc2 16. Bxc2 Bxf3 17. Nxf3 Nxd4 18. Bd1 Nxf3+ 19. Bxf3 Rd2 20. b3 Rc8 21. Rac1 Rcc2 22. Rxc2 Rxc2 23. a4 Kf8 24. Bd1 Rd2 25. f3 Nh5 26. Be2 Nf4 27. Bf1 Rb2 28. g3 Nh5 29. g4 Nf4 30. Rc1 Rxb3 31. Rc8+ Ke7 32. Rc7+ Kf6 33. Rxf7+ Kxf7 34. Bc4+ Ke7 35. Bxb3 Nxh3+ 36. Kf1 Nf4 37. g5 h6 38. gxh6 gxh6 39. Kf2 Kd6 40. Kg3 Kc5 41. Kg4 b6 42. Kf5 Kd4 43. Bf7 a6 44. Be8 h5 45. Kg5 Ke3 46. Kf5 Nd3 47. Bf7 b5 48. axb5 axb5 49. Bxh5 Kd4 50. Bf7 Nb4 51. Bd5 Nd3 52. Ke6 b4 53. Kd6 Nc5 54. Bf7 b3 55. Bxb3 Nxb3 56. f4 exf4 57. e5 f3 58. e6 f2 59. e7 f1Q 60. e8Q Qa6+ 61. Qc6 Qa3+ 62. Kd7 Nc5+ 63. Kc8 Qh3+ 64. Kb8 Qg3+ 0-1

[Event "Titled Tuesday intern op 18th Jul Late"]
[Site "Chess.com INT"]
[Date "2023.07.18"]
[Round "5"]
[White "Velikanov, Alexander"]
[Black "Vujacic, Igor"]
[Result "1-0"]
[WhiteElo "2339"]
[BlackElo "2145"]
[PlyCount "89"]
[EventDate "2023.07.18"]
[EventType "swiss (blitz)"]
[EventRounds "11"]
[EventCountry "USA"]
[SourceTitle "EXT 2024"]
[Source "ChessBase"]
[SourceDate "2023.10.10"]
[SourceVersion "1"]
[SourceVersionDate "2023.10.10"]
[SourceQuality "1"]

1. Nf3 d5 2. c4 e6 3. g3 Nf6 4. Bg2 Be7 5. 0-0 0-0 6. d4 dxc4 7. Qa4 a6 8. Qxc4 b5 9. Qc2 Bb7 10. Bf4 Bd6 11. Nbd2 Nbd7 12. Nb3 Be4 13. Qd2 Rc8 14. Rfc1 Qe7 15. Qa5 Bxf4 16. gxf4 Qd6 17. e3 Qd5 18. Nbd2 c5 19. Nxe4 Qxe4 20. Qxa6 Ra8 21. Qxb5 Rfb8 22. Qe2 Nd5 23. Qd2 cxd4 24. Nxd4 Qg6 25. f5 exf5 26. Kh1 N7f6 27. Nc6 Rd8 28. Bxd5 Nxd5 29. Qxd5 Rxd5 30. Ne7+ Kf8 31. Nxg6+ hxg6 32. Rc2 g5 33. a4 f4 34. exf4 gxf4 35. Kg2 g5 36. b4 g4 37. a5 Kg7 38. Rb2 Rh8 39. a6 Rdh5 40. Kf1 Rxh2 41. Ke2 Re8+ 42. Kd3 Rh3+ 43. Kc4 Rc8+ 44. Kb5 Rh5+ 45. Kb6 1-0

[Event "Titled Tuesday intern op 18th Jul Late"]
[Site "Chess.com INT"]
[Date "2023.07.18"]
[Round "1"]
[White "Vlassov, Nikolai"]
[Black "Vujacic, Igor"]
[Result "1-0"]
[WhiteElo "2283"]
[BlackElo "2145"]
[PlyCount "45"]
[EventDate "2023.07.18"]
[EventType "swiss (blitz)"]
[EventRounds "11"]
[EventCountry "USA"]
[SourceTitle "EXT 2024"]
[Source "ChessBase"]
[SourceDate "2023.10.10"]
[SourceVersion "1"]
[SourceVersionDate "2023.10.10"]
[SourceQuality "1"]

1. e4 c5 2. c3 Nf6 3. e5 Nd5 4. d4 cxd4 5. cxd4 d6 6. Bc4 Nb6 7. Bb3 dxe5 8. Qh5 e6 9. dxe5 Nc6 10. Nc3 Bc5 11. Bg5 Qd4 12. Qe2 Qxe5 13. Qxe5 Nxe5 14. 0-0-0 Bd7 15. Ne4 Be7 16. f4 Bxg5 17. Nxg5 0-0-0 18. fxe5 Rdf8 19. Ne4 Bc6 20. Nd6+ Kc7 21. Nf3 f6 22. Bxe6 fxe5 23. Nf7 1-0

[Event "MNT-ch 75th"]
[Site "Podgorica"]
[Date "2023.02.09"]
[Round "5"]
[White "Vujacic, Igor"]
[Black "Kadric, Denis"]
[Result "0-1"]
[WhiteElo "2153"]
[BlackElo "2584"]
[PlyCount "104"]
[EventDate "2023.02.05"]
[EventType "swiss"]
[EventRounds "9"]
[EventCountry "MNE"]
[SourceTitle "CBM 212 Extra"]
[Source "ChessBase"]
[SourceDate "2023.03.31"]
[SourceVersion "1"]
[SourceVersionDate "2023.03.31"]
[SourceQuality "1"]

1. e4 d6 2. d4 g6 3. Nc3 a6 4. Be3 b5 5. a4 b4 6. Na2 Bb7 7. Bd3 Nf6 8. f3 a5 9. c3 bxc3 10. bxc3 Nbd7 11. Ne2 Bg7 12. 0-0 0-0 13. Qd2 Nb6 14. Rfb1 Nfd7 15. Bh6 Bxh6 16. Qxh6 Bc6 17. Bb5 Bxb5 18. axb5 e6 19. Nac1 Nc4 20. Nb3 Ndb6 21. Nd2 Qd7 22. Nxc4 Nxc4 23. Ra4 Nb6 24. Ra2 Rfb8 25. Qg5 Qd8 26. Qxd8+ Rxd8 27. Rba1 a4 28. c4 e5 29. c5 dxc5 30. dxc5 Nd7 31. Rxa4 Rxa4 32. Rxa4 Nxc5 33. Rc4 Rd1+ 34. Kf2 Ne6 35. Rb4 Rd2 36. Ke3 Ra2 37. h4 f5 38. exf5 gxf5 39. b6 cxb6 40. Rxb6 f4+ 41. Kd3 Nc5+ 42. Kc4 Rc2+ 43. Kd5 Nd7 44. Rb7 Rd2+ 45. Kc4 Kf7 46. Kc3 Rxe2 47. Rxd7+ Kg6 48. h5+ Kf6 49. Rxh7 Rxg2 50. Rh6+ Kf5 51. Rh8 Rg3 52. Rf8+ Kg5 0-1

[Event "MNT-ch 75th"]
[Site "Podgorica"]
[Date "2023.02.06"]
[Round "2"]
[White "Nikcevic, Nebojsa"]
[Black "Vujacic, Igor"]
[Result "1-0"]
[WhiteElo "2395"]
[BlackElo "2153"]
[PlyCount "71"]
[EventDate "2023.02.05"]
[EventType "swiss"]
[EventRounds "9"]
[EventCountry "MNE"]
[SourceTitle "CBM 212 Extra"]
[Source "ChessBase"]
[SourceDate "2023.03.31"]
[SourceVersion "1"]
[SourceVersionDate "2023.03.31"]
[SourceQuality "1"]

1. d4 Nf6 2. c4 g6 3. Nc3 Bg7 4. e4 d6 5. f3 0-0 6. Be3 Nbd7 7. Nh3 a6 8. Nf2 c5 9. Qd2 Qa5 10. d5 b5 11. cxb5 Nb6 12. Be2 axb5 13. Nxb5 Nfd7 14. Nd1 Ne5 15. Qxa5 Rxa5 16. Bd2 Ra8 17. Ne3 Na4 18. Rb1 c4 19. a3 Rb8 20. Nxc4 Nxc4 21. Bxc4 Nxb2 22. Be2 Ba6 23. Na7 Nd3+ 24. Bxd3 Bxd3 25. Rb4 Ra8 26. Nc6 Rxa3 27. Nxe7+ Kh8 28. Kf2 Ra2 29. Ke3 Bh6+ 30. f4 Bxf4+ 31. Kxf4 Rxd2 32. Ke3 Rxg2 33. Kxd3 Ra8 34. Rc1 Ra3+ 35. Rc3 Ra7 36. Nc8 1-0

[Event "MNT-ch 74th"]
[Site "Podgorica"]
[Date "2022.02.19"]
[Round "1"]
[White "Vujacic, Igor"]
[Black "Perisic, Nikola"]
[Result "1-0"]
[WhiteElo "2204"]
[BlackElo "1627"]
[PlyCount "89"]
[EventDate "2022.02.19"]
[EventType "swiss"]
[EventRounds "9"]
[EventCountry "MNE"]
[SourceTitle "EXT 2023"]
[Source "ChessBase"]
[SourceDate "2022.10.05"]
[SourceVersion "1"]
[SourceVersionDate "2022.10.05"]
[SourceQuality "1"]

1. e4 e6 2. d4 d5 3. Nc3 dxe4 4. Nxe4 Nd7 5. Nf3 Ngf6 6. Nxf6+ Nxf6 7. Bg5 c5 8. Bd3 Be7 9. Qe2 cxd4 10. 0-0-0 Qa5 11. Kb1 Bd7 12. Ne5 a6 13. Rhe1 h6 14. Bd2 Qc5 15. g4 Bd6 16. Nc4 Nd5 17. Qe4 0-0-0 18. Nxd6+ Qxd6 19. Qxd4 f6 20. c4 Qb6 21. Qxb6 Nxb6 22. Ba5 Na4 23. Bxd8 Rxd8 24. Bc2 Nb6 25. b3 Re8 26. f4 Kc7 27. h4 Nc8 28. g5 hxg5 29. hxg5 f5 30. Rh1 g6 31. Rh7 Ne7 32. b4 b6 33. a4 a5 34. b5 Bc8 35. Bb3 Bd7 36. Kb2 Kc8 37. Kc3 Kc7 38. Kd4 Kd6 39. Kc3+ Kc7 40. Rd2 Bc8 41. Rg7 Bd7 42. Bd1 Bc8 43. Bf3 Bd7 44. Rxd7+ Kxd7 45. Bc6+ 1-0

[Event "Titled Tuesday intern op 01st Feb-B"]
[Site "Chess.com INT"]
[Date "2022.02.02"]
[Round "5"]
[White "Vujacic, Igor"]
[Black "Gurevich, Dmitry"]
[Result "0-1"]
[WhiteElo "2204"]
[BlackElo "2363"]
[PlyCount "100"]
[EventDate "2022.02.02"]
[EventType "swiss (blitz)"]
[EventRounds "11"]
[EventCountry "USA"]
[SourceTitle "CBM 206 Extra"]
[Source "ChessBase"]
[SourceDate "2022.03.31"]
[SourceVersion "1"]
[SourceVersionDate "2022.03.31"]
[SourceQuality "1"]

1. e4 c5 2. Nf3 d6 3. c3 Nf6 4. Be2 g6 5. 0-0 Bg7 6. Bb5+ Bd7 7. Bxd7+ Qxd7 8. Re1 Nc6 9. d4 cxd4 10. cxd4 d5 11. e5 Ne4 12. Nc3 Nxc3 13. bxc3 0-0 14. Ng5 f6 15. exf6 exf6 16. Nf3 Rfe8 17. Bf4 Rxe1+ 18. Qxe1 Re8 19. Qd2 b6 20. Re1 Rxe1+ 21. Qxe1 Kf7 22. h4 h5 23. Qe3 Na5 24. Nd2 Qe6 25. Qxe6+ Kxe6 26. Kf1 Bf8 27. Ke2 Ba3 28. Kd3 Bc1 29. Bb8 Bxd2 30. Kxd2 Nc6 31. Bf4 Kf5 32. Bg3 g5 33. Kd3 Na5 34. hxg5 fxg5 35. Bb8 a6 36. a4 Nc4 37. Kc2 h4 38. Bc7 g4 39. Kb3 Ke4 40. Kb4 Kd3 41. Bd8 h3 42. gxh3 gxh3 43. Bc7 Nd2 44. a5 bxa5+ 45. Kxa5 Kxc3 46. Be5 Nf3 47. Bg3 Kxd4 48. Kxa6 Ke4 49. Kb5 h2 50. Bxh2 Nxh2 0-1

[Event "Titled Tuesday intern op 30th Nov"]
[Site "Chess.com INT"]
[Date "2021.11.30"]
[Round "5"]
[White "Karttunen, Mika"]
[Black "Vujacic, Igor"]
[Result "0-1"]
[WhiteElo "2484"]
[BlackElo "2194"]
[PlyCount "168"]
[EventDate "2021.11.30"]
[EventType "swiss (blitz)"]
[EventRounds "11"]
[EventCountry "USA"]
[SourceTitle "CBM 205 Extra"]
[Source "ChessBase"]
[SourceDate "2022.01.31"]
[SourceVersion "1"]
[SourceVersionDate "2022.01.31"]
[SourceQuality "1"]

1. e4 c5 2. Nf3 a6 3. d4 cxd4 4. Qxd4 Nf6 5. e5 Nc6 6. Qf4 Nd5 7. Qe4 e6 8. c3 d6 9. Nbd2 dxe5 10. Nxe5 Nxe5 11. Qxe5 Qd6 12. Qxd6 Bxd6 13. Ne4 Be7 14. a4 Bd7 15. Be2 Bc6 16. Bf3 0-0-0 17. 0-0 h6 18. Ng3 Bg5 19. Ne2 Kc7 20. Nd4 Rd7 21. Nxc6 bxc6 22. g3 Rb8 23. Ra2 Nb6 24. Be2 Bxc1 25. Rxc1 Rd2 26. Kf1 Nd5 27. Bxa6 Rbxb2 28. Rxb2 Rxb2 29. Be2 Ra2 30. Bd1 Ra3 31. c4 Nc3 32. Bc2 Nxa4 33. Bd1 Nc5 34. Be2 Ra2 35. Rd1 Ne4 36. Rd3 Rc2 37. Rd4 Nd6 38. h4 g6 39. Rf4 f5 40. Rd4 e5 41. Rd1 Nxc4 42. Bxc4 Rxc4 43. Ra1 Kd6 44. Ra7 Ke6 45. Rh7 h5 46. Rg7 Kf6 47. Rd7 e4 48. Rd6+ Kf7 49. Ke2 Rc2+ 50. Ke3 Rc5 51. Ke2 Rc4 52. Ke3 Rc3+ 53. Ke2 Rd3 54. Rxc6 Rd7 55. Rb6 Kg7 56. Ke3 Rd3+ 57. Ke2 Rd7 58. Re6 Kf7 59. Rb6 Re7 60. Rc6 Rd7 61. Ke3 Rd3+ 62. Ke2 Rf3 63. Rc7+ Kf6 64. Rc6+ Kg7 65. Rc7+ Kh6 66. Re7 Rb3 67. Ke1 Rb2 68. Kf1 Ra2 69. Ke1 Rb2 70. Kf1 Rc2 71. Ke1 Ra2 72. Kf1 Ra3 73. Ke2 Rf3 74. Ke1 f4 75. Rxe4 fxg3 76. fxg3 Rxg3 77. Kf2 Rg4 78. Kf3 Rxe4 79. Kxe4 Kg7 80. Ke5 Kf7 81. Kd4 Kf6 82. Ke3 Ke5 83. Kf3 Kf5 84. Kf2 Kf4 0-1

[Event "Titled Tuesday intern op 30th Nov"]
[Site "Chess.com INT"]
[Date "2021.11.30"]
[Round "9"]
[White "Musovic, Armin"]
[Black "Vujacic, Igor"]
[Result "1-0"]
[WhiteElo "2338"]
[BlackElo "2194"]
[PlyCount "89"]
[EventDate "2021.11.30"]
[EventType "swiss (blitz)"]
[EventRounds "11"]
[EventCountry "USA"]
[SourceTitle "CBM 205 Extra"]
[Source "ChessBase"]
[SourceDate "2022.01.31"]
[SourceVersion "1"]
[SourceVersionDate "2022.01.31"]
[SourceQuality "1"]

1. a3 a6 2. Nc3 Nc6 3. e4 e5 4. Nf3 Nf6 5. d4 exd4 6. Nd5 Be7 7. Bc4 0-0 8. 0-0 Nxd5 9. exd5 Na5 10. Ba2 c5 11. b4 cxb4 12. axb4 Bxb4 13. Qxd4 Be7 14. Qg4 d6 15. Qg3 Bf6 16. Rb1 Bf5 17. Bf4 Bxc2 18. Bxd6 Bxb1 19. Bxb1 Nc4 20. Bxf8 Qxf8 21. Ng5 Bxg5 22. Qxg5 Qd6 23. Qh4 g6 24. Qxc4 b5 25. Qc6 Rd8 26. Qxd6 Rxd6 27. Rd1 Kg7 28. g4 Kf6 29. f4 g5 30. Kf2 gxf4 31. Kf3 Ke5 32. Be4 h6 33. Rc1 Rb6 34. Rc7 b4 35. Re7+ Kd4 36. Rxf7 b3 37. Kxf4 b2 38. Bb1 Kxd5 39. h4 a5 40. g5 hxg5+ 41. hxg5 a4 42. g6 Rb4+ 43. Kg5 Rb3 44. Ba2 Kd4 45. Rf4+ 1-0

[Event "Titled Tuesday intern op 30th Nov"]
[Site "Chess.com INT"]
[Date "2021.11.30"]
[Round "7"]
[White "Vaishali, Ramesh Babu"]
[Black "Vujacic, Igor"]
[Result "1-0"]
[WhiteElo "2405"]
[BlackElo "2194"]
[PlyCount "67"]
[EventDate "2021.11.30"]
[EventType "swiss (blitz)"]
[EventRounds "11"]
[EventCountry "USA"]
[SourceTitle "CBM 205 Extra"]
[Source "ChessBase"]
[SourceDate "2022.01.31"]
[SourceVersion "1"]
[SourceVersionDate "2022.01.31"]
[SourceQuality "1"]

1. d4 Nf6 2. c4 g6 3. Nc3 Bg7 4. e4 d6 5. Nf3 0-0 6. Be2 c5 7. 0-0 cxd4 8. Nxd4 Nc6 9. Be3 Nxd4 10. Bxd4 Qa5 11. f3 Be6 12. Nd5 Bxd5 13. cxd5 Nd7 14. a3 Rfc8 15. Bxg7 Kxg7 16. Qd4+ Kg8 17. Rfc1 Qb6 18. Qxb6 Nxb6 19. Kf2 Rxc1 20. Rxc1 Rc8 21. Rxc8+ Nxc8 22. h4 f5 23. exf5 gxf5 24. Bd3 Nb6 25. Bxf5 Kg7 26. Ke3 Nc4+ 27. Kd4 Nxb2 28. Bc2 b5 29. Bb3 Kf6 30. g4 h6 31. f4 e5+ 32. dxe6 Na4 33. Bxa4 bxa4 34. f5 1-0

[Event "Titled Tuesday intern op 30th Nov"]
[Site "Chess.com INT"]
[Date "2021.11.30"]
[Round "3"]
[White "Vujacic, Igor"]
[Black "Ianov, Viktor"]
[Result "0-1"]
[WhiteElo "2194"]
[BlackElo "2279"]
[PlyCount "88"]
[EventDate "2021.11.30"]
[EventType "swiss (blitz)"]
[EventRounds "11"]
[EventCountry "USA"]
[SourceTitle "CBM 205 Extra"]
[Source "ChessBase"]
[SourceDate "2022.01.31"]
[SourceVersion "1"]
[SourceVersionDate "2022.01.31"]
[SourceQuality "1"]

1. e4 d6 2. d4 Nf6 3. Nc3 c6 4. h3 Nbd7 5. Nf3 e5 6. Bc4 Be7 7. 0-0 0-0 8. Re1 b5 9. Bf1 Bb7 10. d5 cxd5 11. Nxd5 Nxd5 12. exd5 a6 13. a4 bxa4 14. Rxa4 a5 15. Ra2 f5 16. c4 Bf6 17. b3 Nc5 18. Be3 Qc7 19. Qd2 Nxb3 20. Qc2 a4 21. Qxf5 Bc8 22. Qe4 g6 23. Bg5 Bf5 24. Qe3 Bg7 25. Nh4 Bd7 26. Bd3 Nc5 27. Bb1 Rab8 28. Bh6 Rb3 29. Qd2 Qd8 30. Bxg7 Kxg7 31. Nf3 Bxh3 32. Ng5 Bd7 33. Bc2 Rb8 34. Ne6+ Bxe6 35. dxe6 Qf6 36. Re3 Qxe6 37. Bxa4 Qxc4 38. Bd1 Qd4 39. Qe1 Rb1 40. Rd2 Qb4 41. Rxd6 Qxe1+ 42. Rxe1 Ne4 43. Rd7+ Rf7 44. f3 Rxd7 0-1